000
00426nam a2200133Ia 4500
008
100328s9999 xx 000 0 und d
082
_b
33668
100
_a
हरकारे अरुण.
245
_a
कशासाठी पैशासाठी
260
_b
रावजी
630
_a
कशासाठी पैशासाठी
730
_a
कशासाठी पैशासाठी
942
_c
BOOK
999
_c
524031
_d
524028